000
00280nam a22001097a 4500
008
170112b xxu||||| |||| 00| 0 eng d
020
_a
9780721674247
041
_a
eng
080
_2
2ND
_a
618.2
245
_a
CORE CURRICULUM FOR MATERNAL-NEWBORN NURSING
_c
MATTSON, S
942
_2
udc
_c
BK
999
_c
2764
_d
2764